Les 100 acteurs les plus connus en 2025 - Statistiques

Statistiques générales
  • Ce quiz a été pris 202 fois
    79 depuis la dernière actualisation
  • Le résultat moyen est 41 sur 101
Statistiques - réponses
Hint Réponse % Correct
Leonardo DiCaprio
94%
Brad Pitt
86%
Timothée Chalamet
78%
Dwayne Johnson
78%
Will Smith
76%
Bradley Cooper
73%
Clint Eastwood
71%
Harrison Ford
70%
Sylvester Stallone
70%
Omar Sy
70%
Joaquin Phoenix
68%
Bruce Willis
68%
Keanu Reeves
67%
Denzel Washington
67%
Ryan Gosling
65%
Cillian Murphy
65%
Johnny Depp
63%
Morgan Freeman
63%
Marlon Brando
60%
Al Pacino
60%
Matt Damon
59%
Andrew Garfield
59%
Hugh Jackman
59%
Casey Affleck
57%
Jean Dujardin
57%
Jared Leto
57%
Pedro Pascal
57%
Christian Bale
56%
Chris Evans
56%
Tobey Maguire
56%
George Clooney
54%
Tom Cruise
51%
Nicolas Cage
48%
Russell Crowe
48%
Mel Gibson
48%
Anthony Hopkins
48%
Ewan McGregor
48%
Liam Neeson
48%
Gary Oldman
48%
Henry Cavill
46%
Robert De Niro
46%
Robert Pattinson
46%
Robin Williams
46%
Elijah Wood
46%
Edward Norton
43%
Benedict Cumberbatch
41%
Chadwick Boseman
40%
Arnold Schwarzenegger
40%
Adrien Brody
38%
Austin Butler
38%
Vincent Cassel
37%
Ralph Fiennes
37%
Jake Gyllenhaal
35%
Viggo Mortensen
35%
Hayden Christensen
33%
Mads Mikkelsen
33%
Willem Dafoe
32%
Louis De Funès
32%
Oscar Isaac
32%
Matthew McConaughey
32%
Michael Douglas
30%
Adam Driver
30%
Pierre Niney
30%
Mark Ruffalo
30%
Kurt Russell
30%
John Travolta
30%
Forest Whitaker
30%
Javier Bardem
29%
Jason Statham
29%
Aaron Taylor Johnson
27%
Kit Harington
25%
Taylor Lautner
25%
Clive Owen
25%
Jeremy Renner
25%
Paul Walker
25%
Humphrey Bogart
24%
Kevin Costner
24%
Henry Fonda
24%
Woody Harrelson
24%
Miles Teller
24%
Alexandre Astier
22%
Jack Nicholson
22%
Jensen Ackles
21%
Sean Bean
21%
Laurence Fishburne
21%
Ben Stiller
19%
Patrick Swayze
19%
Daniel Day Lewis
17%
Vince Vaughn
17%
Stanley Tucci
16%
Christoph Waltz
16%
Shia Labeouf
14%
Benoît Poelvoorde
14%
Jeff Bridges
13%
Peter Dinklage
13%
Richard Gere
13%
Josh Hutcherson
13%
Philip Seymour Hoffman
8%
Alan Ritchson
6%
Steve Carell
5%
James McAvoy
5%
Aucun quiz correspondant
Distribution des résultats
% des personnes avec chaque résultat
Percentile par nombre de réponses
Votre historique - résultats
Vous n’avez pas pris ce quiz depuis la dernière actualisation